Top 10 Most Winningest CFB Winners - Statistics

General Stats
  • This quiz has been taken 67 times
  • The average score is 6 of 10
Answer Stats
Times Won Team % Correct
16 Times Alabama
90%
10 Times Michigan
86%
9 Times USC
83%
13 Times Notre Dame
69%
9 Times Ohio State
69%
18 Times Yale
63%
7 Times Oklahoma
54%
15 Times Princeton
51%
8 Times Harvard
46%
6 Times Minnesota
20%
No matching quizzes found
Score Distribution
Percent of People with Each Score
Percentile by Number Answered
Your Score History
You have not taken this quiz